| 000 | 00633cam a22002294a 4500 | ||
|---|---|---|---|
| 003 | UPN | ||
| 005 | 20220519063937.0 | ||
| 008 | 090209s1997 mx a r 000 j spa d | ||
| 020 | _a9686871055 | ||
| 035 | _aUPN01000169002 | ||
| 040 |
_aUPN _bspa _cUPN |
||
| 049 | _aCG | ||
| 050 | 4 |
_aPQ7298.13 H6.6 _bL3.9 1997 |
|
| 100 | 1 |
_aChopitea y Rossel, María José de, _dn. 1915 _943388 |
|
| 245 | 1 | 0 |
_aLazos de infancia / _cMaría José de Chopitea. |
| 250 | _a2a ed. | ||
| 260 |
_aMéxico : _bFactoría, _c1997. |
||
| 300 |
_a106 p. : _bil. |
||
| 650 | 0 |
_aLiteratura juvenil mexicana _915848 |
|
| 905 | _aLibro | ||
| 942 |
_2lcc _cLIBRO |
||
| 999 |
_c141108 _d141108 |
||